[Event "Irena Warakomska Memorial B"]
[Site "Suwalki"]
[Date "2020.08.07"]
[Round "2"]
[White "Zalega, Joanna"]
[Black "Pietryk, Joanna"]
[Result "0-1"]
[Board "29"]
[WhiteElo "1072"]
[WhiteCountry "POL"]
[WhiteFideId "21847843"]
[WhiteEloChange "-4"]
[BlackElo "1313"]
[BlackCountry "POL"]
[BlackFideId "21881308"]
[BlackEloChange "4"]

1. d4 {[%clk 1:30:30]} Nf6 {[%clk 1:30:30]} 2. c4 {[%clk 1:30:30]} g6 {[%clk
1:30:30]} 3. Nc3 {[%clk 1:30:30]} Bg7 {[%clk 1:30:30]} 4. e4 {[%clk 1:30:30]} d6
{[%clk 1:30:30]} 5. f3 {[%clk 1:30:30]} O-O {[%clk 1:30:30]} 6. Be3 {[%clk
1:30:30]} e5 {[%clk 1:30:30]} 7. d5 {[%clk 1:30:30]} Nbd7 {[%clk 1:30:30]} 8. Be2
{[%clk 1:30:30]} Nh5 {[%clk 1:30:30]} 9. Qd2 {[%clk 1:30:30]} a5 {[%clk 1:30:30]}
10. g4 {[%clk 1:30:30]} Nf4 {[%clk 1:30:30]} 11. Bxf4 {[%clk 1:30:30]} exf4
{[%clk 1:30:30]} 12. Qxf4 {[%clk 1:30:30]} Be5 {[%clk 1:30:30]} 13. Qe3 {[%clk
1:30:30]} Qh4+ {[%clk 1:30:30]} 14. Qf2 {[%clk 1:30:30]} Qf6 {[%clk 1:30:30]} 15.
Kd2 {[%clk 1:30:30]} Nc5 {[%clk 1:30:30]} 16. Qf1 {[%clk 1:30:30]} a4 {[%clk
1:30:30]} 17. Bd3 {[%clk 1:30:30]} a3 {[%clk 1:30:30]} 18. Nge2 {[%clk 1:30:30]}
axb2 {[%clk 1:30:30]} 19. Rb1 {[%clk 1:30:30]} Na4 {[%clk 1:30:30]} 20. Nxa4
{[%clk 1:30:30]} Rxa4 {[%clk 1:30:30]} 21. Qd1 {[%clk 1:30:30]} Ra3 {[%clk
1:30:30]} 22. Ke3 {[%clk 1:30:30]} Bd7 {[%clk 1:30:30]} 23. Qd2 {[%clk 1:30:30]}
b5 {[%clk 1:30:30]} 24. Qb4 {[%clk 1:30:30]} Rfa8 {[%clk 1:30:30]} 25. c5 {[%clk
1:30:30]} R8a4 {[%clk 1:30:30]} 26. Qd2 {[%clk 1:30:30]} dxc5 {[%clk 1:30:30]}
27. f4 {[%clk 1:30:30]} Bd4+ {[%clk 1:30:30]} 28. Kf3 {[%clk 1:30:30]} c4 {[%clk
1:30:30]} 29. g5 {[%clk 1:30:30]} Qb6 {[%clk 1:30:30]} 30. Nxd4 {[%clk 1:30:30]}
Qxd4 {[%clk 1:30:30]} 0-1

[Event "Irena Warakomska Memorial B"]
[Site "Suwalki"]
[Date "2020.08.07"]
[Round "2"]
[White "Gladyszewska, Kinga"]
[Black "Maliszewski, Stefan"]
[Result "1-0"]
[Board "30"]
[WhiteElo "1298"]
[WhiteCountry "POL"]
[WhiteFideId "21881677"]
[WhiteEloChange "4"]
[BlackElo "1083"]
[BlackCountry "POL"]
[BlackFideId "21000034"]
[BlackEloChange "-4"]

1. d4 {[%clk 1:30:30]} Nf6 {[%clk 1:30:30]} 2. Nf3 {[%clk 1:30:30]} e6 {[%clk
1:30:30]} 3. c4 {[%clk 1:30:30]} Be7 {[%clk 1:30:30]} 4. Bf4 {[%clk 1:30:30]} O-O
{[%clk 1:30:30]} 5. e3 {[%clk 1:30:30]} Bb4+ {[%clk 1:30:30]} 6. Nc3 {[%clk
1:30:30]} c6 {[%clk 1:30:30]} 7. Bd3 {[%clk 1:30:30]} d5 {[%clk 1:30:30]} 8. O-O
{[%clk 1:30:30]} Bd6 {[%clk 1:30:30]} 9. Bg5 {[%clk 1:30:30]} Nbd7 {[%clk
1:30:30]} 10. e4 {[%clk 1:30:30]} dxe4 {[%clk 1:30:30]} 11. Nxe4 {[%clk 1:30:30]}
Be7 {[%clk 1:30:30]} 12. Nxf6+ {[%clk 1:30:30]} Nxf6 {[%clk 1:30:30]} 13. Bc2
{[%clk 1:30:30]} b5 {[%clk 1:30:30]} 14. cxb5 {[%clk 1:30:30]} cxb5 {[%clk
1:30:30]} 15. Qd3 {[%clk 1:30:30]} g6 {[%clk 1:30:30]} 16. Qxb5 {[%clk 1:30:30]}
Nd5 {[%clk 1:30:30]} 17. Bxe7 {[%clk 1:30:30]} Qxe7 {[%clk 1:30:30]} 18. Rfe1
{[%clk 1:30:30]} Qb7 {[%clk 1:30:30]} 19. Qb3 {[%clk 1:30:30]} Qxb3 {[%clk
1:30:30]} 20. Bxb3 {[%clk 1:30:30]} Bb7 {[%clk 1:30:30]} 21. Rac1 {[%clk
1:30:30]} Rac8 {[%clk 1:30:30]} 22. Ne5 {[%clk 1:30:30]} Rfd8 {[%clk 1:30:30]}
23. Bxd5 {[%clk 1:30:30]} Bxd5 {[%clk 1:30:30]} 24. b3 {[%clk 1:30:30]} f6 {[%clk
1:30:30]} 25. Ng4 {[%clk 1:30:30]} Kf7 {[%clk 1:30:30]} 26. Rc5 {[%clk 1:30:30]}
Rxc5 {[%clk 1:30:30]} 27. dxc5 {[%clk 1:30:30]} Bc6 {[%clk 1:30:30]} 28. Ne3
{[%clk 1:30:30]} Rd2 {[%clk 1:30:30]} 29. Ra1 {[%clk 1:30:30]} f5 {[%clk
1:30:30]} 30. Nc4 {[%clk 1:30:30]} Rd5 {[%clk 1:30:30]} 31. Nd6+ {[%clk 1:30:30]}
Rxd6 {[%clk 1:30:30]} 32. cxd6 {[%clk 1:30:30]} 1-0

[Event "Irena Warakomska Memorial B"]
[Site "Suwalki"]
[Date "2020.08.07"]
[Round "2"]
[White "Owczarz, Michal"]
[Black "Krzyszkowiak, Bozena"]
[Result "0-1"]
[Board "31"]
[WhiteElo "1018"]
[WhiteCountry "POL"]
[WhiteFideId "21048665"]
[WhiteEloChange "-4"]
[BlackElo "1287"]
[BlackCountry "POL"]
[BlackFideId "21829101"]
[BlackEloChange "4"]

1. e4 {[%clk 1:30:30]} e5 {[%clk 1:30:30]} 2. Nf3 {[%clk 1:30:30]} Nc6 {[%clk
1:30:30]} 3. Bc4 {[%clk 1:30:30]} h6 {[%clk 1:30:30]} 4. d4 {[%clk 1:30:30]} exd4
{[%clk 1:30:30]} 5. Nxd4 {[%clk 1:30:30]} Ne5 {[%clk 1:30:30]} 6. Bb3 {[%clk
1:30:30]} Nf6 {[%clk 1:30:30]} 7. f4 {[%clk 1:30:30]} Nc6 {[%clk 1:30:30]} 8. e5
{[%clk 1:30:30]} Ne4 {[%clk 1:30:30]} 9. Nxc6 {[%clk 1:30:30]} bxc6 {[%clk
1:30:30]} 10. Qf3 {[%clk 1:30:30]} Nc5 {[%clk 1:30:30]} 11. Bc4 {[%clk 1:30:30]}
Ba6 {[%clk 1:30:30]} 12. Bxa6 {[%clk 1:30:30]} Nxa6 {[%clk 1:30:30]} 13. O-O
{[%clk 1:30:30]} Bc5+ {[%clk 1:30:30]} 14. Kh1 {[%clk 1:30:30]} O-O {[%clk
1:30:30]} 15. f5 {[%clk 1:30:30]} f6 {[%clk 1:30:30]} 16. Qg3 {[%clk 1:30:30]}
Kh8 {[%clk 1:30:30]} 17. Nc3 {[%clk 1:30:30]} Nb4 {[%clk 1:30:30]} 18. Ne4 {[%clk
1:30:30]} Be7 {[%clk 1:30:30]} 19. exf6 {[%clk 1:30:30]} Bxf6 {[%clk 1:30:30]}
20. Qb3 {[%clk 1:30:30]} Rb8 {[%clk 1:30:30]} 21. Nxf6 {[%clk 1:30:30]} Rxf6
{[%clk 1:30:30]} 22. a3 {[%clk 1:30:30]} Nd5 {[%clk 1:30:30]} 23. Qd3 {[%clk
1:30:30]} Qf8 {[%clk 1:30:30]} 24. b4 {[%clk 1:30:30]} Ne7 {[%clk 1:30:30]} 25.
Qxd7 {[%clk 1:30:30]} Nd5 {[%clk 1:30:30]} 26. Bb2 {[%clk 1:30:30]} Rd8 {[%clk
1:30:30]} 27. Qxd8 {[%clk 1:30:30]} Qxd8 {[%clk 1:30:30]} 28. Bxf6 {[%clk
1:30:30]} Qxf6 {[%clk 1:30:30]} 29. g4 {[%clk 1:30:30]} Ne3 {[%clk 1:30:30]} 30.
Rf3 {[%clk 1:30:30]} Qxa1+ {[%clk 1:30:30]} 31. Rf1 {[%clk 1:30:30]} Qxf1# {[%clk
1:30:30]} 0-1

[Event "Irena Warakomska Memorial B"]
[Site "Suwalki"]
[Date "2020.08.07"]
[Round "2"]
[White "Jaszczuk, Piotr"]
[Black "Peksa, Piotr"]
[Result "1-0"]
[Board "32"]
[WhiteElo "1283"]
[WhiteCountry "POL"]
[WhiteFideId "21890668"]
[WhiteEloChange "4"]
[BlackElo "1018"]
[BlackCountry "POL"]
[BlackFideId "21893659"]
[BlackEloChange "-4"]

1. e4 {[%clk 1:30:30]} c6 {[%clk 1:30:30]} 2. d4 {[%clk 1:30:30]} d5 {[%clk
1:30:30]} 3. Nc3 {[%clk 1:30:30]} dxe4 {[%clk 1:30:30]} 4. Nxe4 {[%clk 1:30:30]}
Bf5 {[%clk 1:30:30]} 5. Ng3 {[%clk 1:30:30]} Bg6 {[%clk 1:30:30]} 6. Nf3 {[%clk
1:30:30]} Nd7 {[%clk 1:30:30]} 7. h4 {[%clk 1:30:30]} h6 {[%clk 1:30:30]} 8. h5
{[%clk 1:30:30]} Bh7 {[%clk 1:30:30]} 9. Bd3 {[%clk 1:30:30]} Bxd3 {[%clk
1:30:30]} 10. Qxd3 {[%clk 1:30:30]} Ngf6 {[%clk 1:30:30]} 11. Bd2 {[%clk
1:30:30]} e6 {[%clk 1:30:30]} 12. O-O-O {[%clk 1:30:30]} Bd6 {[%clk 1:30:30]} 13.
Ne2 {[%clk 1:30:30]} Qc7 {[%clk 1:30:30]} 14. Be3 {[%clk 1:30:30]} O-O-O {[%clk
1:30:30]} 15. Kb1 {[%clk 1:30:30]} Nd5 {[%clk 1:30:30]} 16. c4 {[%clk 1:30:30]}
N5f6 {[%clk 1:30:30]} 17. Rc1 {[%clk 1:30:30]} Rhe8 {[%clk 1:30:30]} 18. Qc2
{[%clk 1:30:30]} e5 {[%clk 1:30:30]} 19. Qa4 {[%clk 1:30:30]} a6 {[%clk 1:30:30]}
20. d5 {[%clk 1:30:30]} c5 {[%clk 1:30:30]} 21. Nc3 {[%clk 1:30:30]} Nb6 {[%clk
1:30:30]} 22. Qb3 {[%clk 1:30:30]} Ng4 {[%clk 1:30:30]} 23. Ne4 {[%clk 1:30:30]}
Nxe3 {[%clk 1:30:30]} 24. Qxe3 {[%clk 1:30:30]} f5 {[%clk 1:30:30]} 25. Nxd6+
{[%clk 1:30:30]} Qxd6 {[%clk 1:30:30]} 26. Nh4 {[%clk 1:30:30]} Qf6 {[%clk
1:30:30]} 27. Qxc5+ {[%clk 1:30:30]} Kb8 {[%clk 1:30:30]} 28. Qe3 {[%clk
1:30:30]} Rc8 {[%clk 1:30:30]} 29. Qb3 {[%clk 1:30:30]} Nd7 {[%clk 1:30:30]} 30.
g3 {[%clk 1:30:30]} Nc5 {[%clk 1:30:30]} 31. Qf3 {[%clk 1:30:30]} Rf8 {[%clk
1:30:30]} 32. Qe2 {[%clk 1:30:30]} e4 {[%clk 1:30:30]} 33. Rhd1 {[%clk 1:30:30]}
Nd3 {[%clk 1:30:30]} 34. Rc2 {[%clk 1:30:30]} Rfe8 {[%clk 1:30:30]} 35. Ng6
{[%clk 1:30:30]} Rc5 {[%clk 1:30:30]} 36. Rc3 {[%clk 1:30:30]} Rec8 {[%clk
1:30:30]} 37. Qc2 {[%clk 1:30:30]} Rxc4 {[%clk 1:30:30]} 38. Rxc4 {[%clk
1:30:30]} Rxc4 {[%clk 1:30:30]} 39. Qd2 {[%clk 1:30:30]} Rb4 {[%clk 1:30:30]} 40.
b3 {[%clk 1:30:30]} a5 {[%clk 1:30:30]} 41. Nf4 {[%clk 1:30:30]} Nxf4 {[%clk
1:30:30]} 42. Qxf4+ {[%clk 1:30:30]} Ka7 {[%clk 1:30:30]} 43. d6 {[%clk 1:30:30]}
a4 {[%clk 1:30:30]} 44. Qe3+ {[%clk 1:30:30]} b6 {[%clk 1:30:30]} 45. d7 {[%clk
1:30:30]} a3 {[%clk 1:30:30]} 46. Qd2 {[%clk 1:30:30]} Qd8 {[%clk 1:30:30]} 47.
Qxb4 {[%clk 1:30:30]} g6 {[%clk 1:30:30]} 48. hxg6 {[%clk 1:30:30]} Qh8 {[%clk
1:30:30]} 49. Qxa3+ {[%clk 1:30:30]} Kb8 {[%clk 1:30:30]} 50. d8=Q+ {[%clk
1:30:30]} Qxd8 {[%clk 1:30:30]} 51. Rxd8+ {[%clk 1:30:30]} Kb7 {[%clk 1:30:30]}
52. Qe7+ {[%clk 1:30:30]} Ka6 {[%clk 1:30:30]} 53. Ra8+ {[%clk 1:30:30]} Kb5
{[%clk 1:30:30]} 54. Qe5+ {[%clk 1:30:30]} Kb4 {[%clk 1:30:30]} 55. Ra4# {[%clk
1:30:30]} 1-0